| 000 | 00694nam a22002057a 4500 | ||
|---|---|---|---|
| 003 | OSt | ||
| 005 | 20251029060846.0 | ||
| 008 | 251029b |||||||| |||| 00| 0 eng d | ||
| 010 | _a84-18258 | ||
| 020 | _a0-8007-1416-4 | ||
| 040 |
_aFleming H. Revell Company _cFleming H. Revell Company |
||
| 050 |
_aBS 680.S65 1985 _bS65 1985 |
||
| 100 | _aHannah Whitall Smith | ||
| 245 |
_aThe Common Sense Teaching of the Bible/ _cSmith, Hannah Whitall |
||
| 250 | _aEvery-day Religion | ||
| 260 |
_aOld Tappan, New Jarsey _bFleming H. Revell Company _c1985 |
||
| 300 |
_a192 p.: Col,: _bHard Cover _c21.7 cm |
||
| 490 |
_3Printed _aEvery-day Religion |
||
| 942 |
_2lcc _cBK _e2nd Edition _kBS 680 _m.S65 1985 _n0 |
||
| 999 |
_c9714 _d9714 |
||